[Event "Liga Madrileña - DH 2013-2014"]
[Site "Madrid ESP"]
[Date "2014.02.09"]
[Round "9.24"]
[White "Longa Yauca, Javier"]
[Black "Martin Rueda, Daniel"]
[Result "1/2-1/2"]
[WhiteElo "2326"]
[BlackElo "2315"]
[PlyCount "34"]
[EventDate "2013.11.18"]
[EventType "team-tourn"]
[EventRounds "14"]
[EventCountry "ESP"]
[Source "lmi"]
[SourceDate "2013.11.18"]
[WhiteTeam "64 Villalba"]
[BlackTeam "Liberty Chess"]
[WhiteTeamCountry "ESP"]
[BlackTeamCountry "ESP"]

1. d4 d5 2. Nf3 Nf6 3. c4 c6 4. Qc2 g6 5. Nc3 Na6 6. cxd5 Nb4 7. Qb3 Nbxd5 8.
Ne5 Qb6 9. Qa4 Bg7 10. e3 O-O 11. Be2 c5 12. Nc4 Qb4 13. dxc5 Qxc5 14. Bd2 Be6
15. O-O Rac8 16. Na3 a6 17. Rac1 Qb4 1/2-1/2

[Event "Liga Madrileña - DH 2013-2014"]
[Site "Madrid ESP"]
[Date "2014.02.09"]
[Round "9.25"]
[White "Fernandez Garcia, Miguel Angel"]
[Black "Napoli, Nicolo"]
[Result "1-0"]
[WhiteElo "2325"]
[BlackElo "2285"]
[PlyCount "59"]
[EventDate "2013.11.18"]
[EventType "team-tourn"]
[EventRounds "14"]
[EventCountry "ESP"]
[Source "lmi"]
[SourceDate "2013.11.18"]
[WhiteTeam "Liberty Chess"]
[BlackTeam "64 Villalba"]
[WhiteTeamCountry "ESP"]
[BlackTeamCountry "ESP"]

1. d4 Nf6 2. c4 c5 3. d5 b5 4. Bg5 Ne4 5. Bf4 Qa5+ 6. Nd2 g5 7. Be3 bxc4 8. f3
Nf6 9. Bxg5 Nxd5 10. e4 h6 11. exd5 hxg5 12. Bxc4 Bg7 13. Nh3 Ba6 14. O-O Bxb2
15. Qe2 Bf6 16. Rab1 Qxa2 17. Qd3 Bxc4 18. Nxc4 Na6 19. Kh1 Rh4 20. f4 g4 21.
Ng5 Bxg5 22. Ra1 Nb4 23. Nd6+ Kf8 24. Qg3 Qxd5 25. fxg5 Qxd6 26. Qxh4 Kg7 27.
Rxf7+ Kxf7 28. Qh7+ Ke6 29. Re1+ Kd5 30. Qe4# 1-0

[Event "Liga Madrileña - DH 2013-2014"]
[Site "Madrid ESP"]
[Date "2014.02.09"]
[Round "9.26"]
[White "Blasco de la Cruz, Luis"]
[Black "Paredes Sanchez, Juan Antonio"]
[Result "1/2-1/2"]
[WhiteElo "2002"]
[BlackElo "2192"]
[PlyCount "45"]
[EventDate "2013.11.18"]
[EventType "team-tourn"]
[EventRounds "14"]
[EventCountry "ESP"]
[Source "lmi"]
[SourceDate "2013.11.18"]
[WhiteTeam "64 Villalba"]
[BlackTeam "Liberty Chess"]
[WhiteTeamCountry "ESP"]
[BlackTeamCountry "ESP"]

1. d4 Nf6 2. Bf4 g6 3. Nf3 Bg7 4. e3 d6 5. Bd3 Nh5 6. Bg3 Nxg3 7. hxg3 c5 8. c3
Nc6 9. Nbd2 e5 10. d5 Nb8 11. Qc2 Na6 12. Bb5+ Ke7 13. Bxa6 bxa6 14. Nc4 Bd7
15. Nfd2 f5 16. f3 Bf8 17. f4 Kf7 18. fxe5 dxe5 19. Nxe5+ Kg7 20. O-O-O Bd6 21.
Ndc4 Bxe5 22. Nxe5 Re8 23. Nxd7 1/2-1/2

[Event "Liga Madrileña - DH 2013-2014"]
[Site "Madrid ESP"]
[Date "2014.02.09"]
[Round "9.31"]
[White "Alcazar Jimenez, Victor Manuel"]
[Black "Granda Zuniga, Julio E"]
[Result "0-1"]
[WhiteElo "2368"]
[BlackElo "2680"]
[PlyCount "88"]
[EventDate "2013.11.18"]
[EventType "team-tourn"]
[EventRounds "14"]
[EventCountry "ESP"]
[Source "lmi"]
[SourceDate "2013.11.18"]
[WhiteTeam "Blanco y Negro"]
[BlackTeam "Collado Villalba"]
[WhiteTeamCountry "ESP"]
[BlackTeamCountry "ESP"]

1. c4 e5 2. Nf3 e4 3. Nd4 Nc6 4. Nxc6 dxc6 5. Nc3 Nf6 6. d4 exd3 7. exd3 Bc5 8.
Be2 O-O 9. O-O Re8 10. Bg5 h6 11. Bh4 Bf5 12. Qd2 Qd4 13. Bg3 Re7 14. Rad1 Rae8
15. Bf4 Rxe2 16. Nxe2 Rxe2 17. Qxe2 Qxf4 18. Qd2 Qd4 19. Qe3 Ng4 20. Qxd4 Bxd4
21. Rd2 c5 22. Rfd1 g5 23. h3 Ne5 24. Kf1 Ng6 25. Kg1 Nf4 26. Kh2 Kg7 27. b3
Bc3 28. d4 cxd4 29. Rxd4 Bxd4 30. Rxd4 Ne6 31. Rd2 Be4 32. b4 b6 33. f3 Bc6 34.
Rd3 a5 35. c5 bxc5 36. bxa5 Bb5 37. Rc3 Kf6 38. Kg3 c4 39. Kf2 Ke5 40. Ke3 Nf4
41. Rc2 c3 42. Rc1 Nd5+ 43. Kf2 Kd4 44. a4 Bd3 0-1

[Event "Liga Madrileña - DH 2013-2014"]
[Site "Madrid ESP"]
[Date "2014.02.09"]
[Round "9.32"]
[White "Vazquez Igarza, Renier"]
[Black "Bolado Saez, Sergio"]
[Result "1-0"]
[WhiteElo "2588"]
[BlackElo "2349"]
[PlyCount "165"]
[EventDate "2013.11.18"]
[EventType "team-tourn"]
[EventRounds "14"]
[EventCountry "ESP"]
[Source "lmi"]
[SourceDate "2013.11.18"]
[WhiteTeam "Collado Villalba"]
[BlackTeam "Blanco y Negro"]
[WhiteTeamCountry "ESP"]
[BlackTeamCountry "ESP"]

1. d4 d5 2. Nf3 c6 3. c4 Nf6 4. Nc3 e6 5. Bg5 h6 6. Bxf6 Qxf6 7. e3 Nd7 8. Bd3
dxc4 9. Bxc4 g6 10. O-O Bg7 11. Re1 O-O 12. e4 e5 13. d5 Nb6 14. Bb3 Bg4 15.
Re3 Rad8 16. h3 Bd7 17. Qe2 Qe7 18. a3 Kh8 19. Rd1 Rde8 20. dxc6 Bxc6 21. Nd5
Bxd5 22. Bxd5 Rc8 23. Bb3 Rc7 24. Red3 Rfc8 25. Qd2 Bf8 26. h4 f5 27. Qe1 f4
28. Qd2 Kh7 29. a4 Bg7 30. a5 Nc4 31. Bxc4 Rxc4 32. Rd7 Qc5 33. Rxb7 Rc2 34.
Qe1 Rc7 35. Rxc7 Qxc7 36. Qb4 Rc4 37. Qb5 Rc5 38. Qe8 Rc1 39. Rxc1 Qxc1+ 40.
Kh2 Qxb2 41. h5 gxh5 42. Qxh5 Kg8 43. Qe8+ Kh7 44. Nh4 Qxf2 45. Qg6+ Kh8 46.
Nf5 Bf8 47. Qf7 Qc5 48. Kh3 a6 49. Kg4 Qc8 50. Qf6+ Kh7 51. Qxe5 Qd8 52. Kxf4
Qd2+ 53. Kg3 Qg5+ 54. Kf3 Qh5+ 55. Kf2 Qg6 56. Qd5 Qf6 57. Kf3 Qc3+ 58. Kg4 Qf6
59. Kh3 Qg6 60. Qb7+ Kh8 61. Qb6 Qh5+ 62. Kg3 Qg5+ 63. Kf3 Qh5+ 64. Kf2 Qg5 65.
Qd4+ Kh7 66. Qd7+ Kh8 67. Qd4+ Kh7 68. g3 h5 69. Qd5 Qf6 70. Kg2 Qb2+ 71. Kh3
Qf6 72. Qd7+ Kg6 73. Qc8 Kg5 74. Qc4 Qg6 75. Kg2 Ba3 76. Qd4 Bf8 77. Qc4 Ba3
78. Kf3 Bb2 79. Qd5 Kf6 80. Qc6+ Kg5 81. Qd5 Kf6 82. Qd6+ Kf7 83. Qc7+ 1-0

[Event "Liga Madrileña - DH 2013-2014"]
[Site "Madrid ESP"]
[Date "2014.02.09"]
[Round "9.33"]
[White "Alarcia Astriz, Carlos"]
[Black "Arribas Lopez, Angel"]
[Result "0-1"]
[WhiteElo "2331"]
[BlackElo "2488"]
[PlyCount "82"]
[EventDate "2013.11.18"]
[EventType "team-tourn"]
[EventRounds "14"]
[EventCountry "ESP"]
[Source "lmi"]
[SourceDate "2013.11.18"]
[WhiteTeam "Blanco y Negro"]
[BlackTeam "Collado Villalba"]
[WhiteTeamCountry "ESP"]
[BlackTeamCountry "ESP"]

1. e4 e6 2. d4 d5 3. Nc3 Nf6 4. Bg5 Bb4 5. e5 h6 6. Bd2 Bxc3 7. Bxc3 Ne4 8. Nf3
c5 9. Bd3 Nc6 10. O-O Nxc3 11. bxc3 Qa5 12. Qe1 a6 13. h4 Bd7 14. Rb1 Rb8 15.
dxc5 Qxc5 16. h5 b5 17. Qd2 Rc8 18. a4 bxa4 19. Bxa6 Rd8 20. Ra1 Qa5 21. Bd3
O-O 22. Ra3 f6 23. exf6 Rxf6 24. Qe3 Rdf8 25. Nd4 Nd8 26. Nb3 Qc7 27. Nc5 Nf7
28. f4 Qa7 29. Qd4 Nd6 30. g3 Ra8 31. Rfa1 Be8 32. Nxa4 Qf7 33. Bg6 Rxg6 34.
hxg6 Qxg6 35. Qd3 Ne4 36. Nb6 Rb8 37. Na4 Bb5 38. Qf3 Nxg3 39. Rb1 Rf8 40. Rb4
Ne2+ 41. Kh2 Rf5 0-1

[Event "Liga Madrileña - DH 2013-2014"]
[Site "Madrid ESP"]
[Date "2014.02.09"]
[Round "9.34"]
[White "Moreno Ruiz, Javier"]
[Black "Martinez Lozano, Miguel Angel"]
[Result "1-0"]
[WhiteElo "2470"]
[BlackElo "2225"]
[PlyCount "81"]
[EventDate "2013.11.18"]
[EventType "team-tourn"]
[EventRounds "14"]
[EventCountry "ESP"]
[Source "lmi"]
[SourceDate "2013.11.18"]
[WhiteTeam "Collado Villalba"]
[BlackTeam "Blanco y Negro"]
[WhiteTeamCountry "ESP"]
[BlackTeamCountry "ESP"]

1. d4 Nf6 2. c4 g6 3. Nc3 Bg7 4. e4 d6 5. h3 O-O 6. Be3 e5 7. d5 a5 8. Bd3 Na6
9. Nge2 Nc5 10. Bc2 c6 11. Qd2 cxd5 12. exd5 Bd7 13. O-O a4 14. Rab1 Qa5 15. b4
axb3 16. axb3 Qb4 17. Nc1 Bf5 18. Bxf5 gxf5 19. Qc2 Nce4 20. Nxe4 Nxe4 21. Ne2
b5 22. f3 Nf6 23. Rfc1 f4 24. Bf2 Rfc8 25. Qf5 bxc4 26. bxc4 Qa4 27. Bh4 Qd7
28. Qd3 Qa7+ 29. Bf2 Qa6 30. Rb6 Qa2 31. Rxd6 e4 32. fxe4 Ra3 33. Nc3 Qb2 34.
Rc2 Qa1+ 35. Kh2 f3 36. Bd4 Rxc3 37. Bxc3 Ng4+ 38. hxg4 Be5+ 39. g3 Bxg3+ 40.
Kxg3 Qg1+ 41. Kxf3 1-0

[Event "Liga Madrileña - DH 2013-2014"]
[Site "Madrid ESP"]
[Date "2014.02.09"]
[Round "9.35"]
[White "Alcazar Jimenez, Jesus Alberto"]
[Black "Pena Gomez, Manuel"]
[Result "0-1"]
[WhiteElo "2211"]
[BlackElo "2417"]
[PlyCount "52"]
[EventDate "2013.11.18"]
[EventType "team-tourn"]
[EventRounds "14"]
[EventCountry "ESP"]
[Source "lmi"]
[SourceDate "2013.11.18"]
[WhiteTeam "Blanco y Negro"]
[BlackTeam "Collado Villalba"]
[WhiteTeamCountry "ESP"]
[BlackTeamCountry "ESP"]

1. d4 Nf6 2. Bg5 Ne4 3. Bf4 c5 4. f3 Qa5+ 5. c3 Nf6 6. Nd2 cxd4 7. Nb3 Qb6 8.
Qxd4 Nc6 9. Qxb6 axb6 10. e4 e5 11. Be3 d5 12. Bxb6 dxe4 13. Bc4 Be7 14. Nc5
Bxc5 15. Bxc5 Na5 16. Bb5+ Bd7 17. Bxd7+ Nxd7 18. Bb4 Nb3 19. Rd1 Rxa2 20. Ba3
Nb6 21. fxe4 Nc4 22. Nf3 Nxa3 23. bxa3 Rxg2 24. Nxe5 O-O 25. Rb1 Nc5 26. Rb5
Nxe4 0-1

[Event "Liga Madrileña - DH 2013-2014"]
[Site "Madrid ESP"]
[Date "2014.02.09"]
[Round "9.36"]
[White "Cao Armillas, Jesus"]
[Black "Rivas Vila, David"]
[Result "1/2-1/2"]
[WhiteElo "2160"]
[BlackElo "2211"]
[PlyCount "108"]
[EventDate "2013.11.18"]
[EventType "team-tourn"]
[EventRounds "14"]
[EventCountry "ESP"]
[Source "lmi"]
[SourceDate "2013.11.18"]
[WhiteTeam "Collado Villalba"]
[BlackTeam "Blanco y Negro"]
[WhiteTeamCountry "ESP"]
[BlackTeamCountry "ESP"]

1. d4 f5 2. g3 g6 3. Bg2 Bg7 4. Nf3 Nf6 5. O-O O-O 6. c4 d6 7. Nc3 Qe8 8. d5 c5
9. Qc2 Na6 10. Bd2 Nc7 11. Rad1 b5 12. cxb5 Nxb5 13. Nxb5 Qxb5 14. Bc3 Rb8 15.
Ng5 h6 16. Ne6 Bxe6 17. dxe6 Nh5 18. Rd2 Bxc3 19. Qxc3 Qb4 20. Qe3 f4 21. Qd3
Rf6 22. Rc1 fxg3 23. hxg3 Ng7 24. Rc3 Rbf8 25. e3 Nxe6 26. Rc4 Qb5 27. Bd5 Kg7
28. Qe4 Qd7 29. Qg4 h5 30. Qh3 Rf5 31. f4 Nc7 32. e4 Nxd5 33. exf5 Qb5 34. Re4
Rxf5 35. Qh4 c4 36. Rxe7+ Nxe7 37. Qxe7+ Rf7 38. Qxd6 Qb6+ 39. Qd4+ Rf6 40. Kg2
Qxd4 41. Rxd4 Rb6 42. Rd2 Kf6 43. Kf3 Ra6 44. Rc2 Rxa2 45. Rxc4 Rxb2 46. Rc6+
Kf5 47. Rc5+ Kf6 48. Rc6+ Kg7 49. Rc7+ Kf6 50. Rxa7 Rb3+ 51. Kg2 Rb2+ 52. Kf3
Rb3+ 53. Kg2 Rb6 54. Ra5 Rc6 1/2-1/2

[Event "Liga Madrileña - DH 2013-2014"]
[Site "Madrid ESP"]
[Date "2014.02.09"]
[Round "9.42"]
[White "Martin Duque, Jesus"]
[Black "Rojo Huerta, Gabriel"]
[Result "1-0"]
[WhiteElo "2233"]
[BlackElo "2373"]
[PlyCount "73"]
[EventDate "2013.11.18"]
[EventType "team-tourn"]
[EventRounds "14"]
[EventCountry "ESP"]
[Source "lmi"]
[SourceDate "2013.11.18"]
[WhiteTeam "Vallecas CDV"]
[BlackTeam "La Casa del Ajedrez"]
[WhiteTeamCountry "ESP"]
[BlackTeamCountry "ESP"]

1. e4 c5 2. Nf3 e6 3. d4 cxd4 4. Nxd4 Nc6 5. Nc3 Qc7 6. Be2 a6 7. O-O Nf6 8.
Be3 Bb4 9. Na4 Be7 10. Nxc6 bxc6 11. Nb6 Rb8 12. Nxc8 Qxc8 13. Bd4 Qc7 14. e5
Nd5 15. c4 Nf4 16. g3 c5 17. Bc3 Nh3+ 18. Kg2 Ng5 19. Bd3 Qc6+ 20. f3 f6 21. h4
Nf7 22. Be4 Qc7 23. f4 f5 24. Bf3 O-O 25. Qa4 Qc8 26. Rad1 d6 27. exd6 Bxd6 28.
Rfe1 Re8 29. Re2 Re7 30. Red2 Rd7 31. Be5 Rb6 32. Qa5 Qb8 33. Bxd6 Rdxd6 34.
Qxc5 e5 35. Rxd6 Rxd6 36. Rxd6 Nxd6 37. Qxe5 1-0

[Event "Liga Madrileña - DH 2013-2014"]
[Site "Madrid ESP"]
[Date "2014.02.09"]
[Round "9.43"]
[White "Gallego Jimenez, Victoriano"]
[Black "Montanes Arribas, Adrian"]
[Result "1-0"]
[WhiteElo "2367"]
[BlackElo "2220"]
[PlyCount "101"]
[EventDate "2013.11.18"]
[EventType "team-tourn"]
[EventRounds "14"]
[EventCountry "ESP"]
[Source "lmi"]
[SourceDate "2013.11.18"]
[WhiteTeam "La Casa del Ajedrez"]
[BlackTeam "Vallecas CDV"]
[WhiteTeamCountry "ESP"]
[BlackTeamCountry "ESP"]

1. d4 Nf6 2. Nf3 d5 3. c4 c6 4. e3 Bf5 5. cxd5 cxd5 6. Qb3 Qc7 7. Bd2 Nc6 8.
Bb5 e6 9. O-O Bd6 10. Bb4 O-O 11. Bxd6 Qxd6 12. Bxc6 Qxc6 13. Ne5 Qa6 14. Nc3
Ng4 15. Nb5 Nxe5 16. dxe5 Bc2 17. Qxc2 Qxb5 18. Rac1 h6 19. b3 Rfd8 20. Rfd1
Qe8 21. Rd3 Rac8 22. Rc3 Rxc3 23. Qxc3 Qd7 24. g3 g6 25. Qc7 b6 26. Qxd7 Rxd7
27. Kf1 Kf8 28. Ke2 Ke7 29. Kd3 Kd8 30. b4 Rc7 31. Rxc7 Kxc7 32. b5 Kd7 33. e4
dxe4+ 34. Kxe4 Ke7 35. Kf4 Kf8 36. Kg4 Kg7 37. h4 Kh7 38. h5 Kg7 39. f4 Kh7 40.
Kh4 Kg7 41. g4 Kh7 42. g5 Kg7 43. Kg4 Kh7 44. hxg6+ Kxg6 45. gxh6 Kxh6 46. f5
exf5+ 47. Kxf5 Kg7 48. Ke4 Kg6 49. Kd5 Kf5 50. a4 Kf4 51. e6 1-0

[Event "Liga Madrileña - DH 2013-2014"]
[Site "Madrid ESP"]
[Date "2014.02.09"]
[Round "9.44"]
[White "Madurga Lopez, Ignacio"]
[Black "Bass, Leonid"]
[Result "1/2-1/2"]
[WhiteElo "2088"]
[BlackElo "2417"]
[PlyCount "122"]
[EventDate "2013.11.18"]
[EventType "team-tourn"]
[EventRounds "14"]
[EventCountry "ESP"]
[Source "lmi"]
[SourceDate "2013.11.18"]
[WhiteTeam "Vallecas CDV"]
[BlackTeam "La Casa del Ajedrez"]
[WhiteTeamCountry "ESP"]
[BlackTeamCountry "ESP"]

1. e4 c6 2. Nc3 d5 3. Nf3 Bg4 4. h3 Bxf3 5. Qxf3 Nf6 6. d3 e6 7. Bd2 Be7 8. g4
Nfd7 9. O-O-O Bg5 10. Qg3 d4 11. Ne2 Bxd2+ 12. Rxd2 e5 13. Kb1 c5 14. f4 Nc6
15. h4 Qc7 16. Bh3 O-O-O 17. g5 Kb8 18. Bxd7 Rxd7 19. Rf1 exf4 20. Qxf4 Qxf4
21. Nxf4 Ne5 22. Nh5 Rg8 23. Rdf2 Kc7 24. Kc1 Kd6 25. Kd2 Ke6 26. Nf4+ Kd6 27.
Nd5 Re8 28. h5 Re6 29. Nf4 Re8 30. Nd5 Re6 31. b4 cxb4 32. Nxb4 h6 33. Rg1 hxg5
34. Rxg5 f6 35. Rg1 Kc5 36. a3 b5 37. Nd5 Ra6 38. Ra1 Ng4 39. Rf5 Nh6 40. Nxf6+
Nxf5 41. Nxd7+ Kd6 42. Nb8 Rb6 43. exf5 Rxb8 44. Re1 Rf8 45. Re6+ Kd5 46. Re7
Rxf5 47. Rxg7 Rxh5 48. Rxa7 Rh1 49. Ra5 Kc6 50. a4 bxa4 51. Rxa4 Kd5 52. Ra5+
Kd6 53. Rf5 Ke6 54. Rf2 Kd5 55. Re2 Rg1 56. c4+ dxc3+ 57. Kxc3 Rc1+ 58. Kd2 Rh1
59. Rg2 Ke5 60. Rg4 Kd5 61. Rf4 Rg1 1/2-1/2

[Event "Liga Madrileña - DH 2013-2014"]
[Site "Madrid ESP"]
[Date "2014.02.09"]
[Round "9.45"]
[White "Suarez Uriel, Adrian"]
[Black "Montoya Pecurul, Marc"]
[Result "1-0"]
[WhiteElo "2254"]
[BlackElo "2092"]
[PlyCount "51"]
[EventDate "2013.11.18"]
[EventType "team-tourn"]
[EventRounds "14"]
[EventCountry "ESP"]
[Source "lmi"]
[SourceDate "2013.11.18"]
[WhiteTeam "La Casa del Ajedrez"]
[BlackTeam "Vallecas CDV"]
[WhiteTeamCountry "ESP"]
[BlackTeamCountry "ESP"]

1. e4 c5 2. Ne2 d6 3. g3 Nf6 4. Bg2 g6 5. O-O Bg7 6. c3 O-O 7. d4 Nbd7 8. h3
Rb8 9. f4 cxd4 10. cxd4 b5 11. e5 dxe5 12. dxe5 Qb6+ 13. Kh1 Ne8 14. Nbc3 Nc7
15. Nd4 Bb7 16. Be3 Bxg2+ 17. Kxg2 b4 18. Ne4 Nd5 19. Bg1 Qb7 20. Qf3 Bxe5 21.
fxe5 Nxe5 22. Qe2 f5 23. Kh2 fxe4 24. Qxe4 Nc4 25. Qe6+ Kg7 26. Nc6 1-0

[Event "Liga Madrileña - DH 2013-2014"]
[Site "Madrid ESP"]
[Date "2014.02.09"]
[Round "9.46"]
[White "Morona Minguez, Irene"]
[Black "Unciti Juan, Javier"]
[Result "1/2-1/2"]
[WhiteElo "1983"]
[BlackElo "2152"]
[PlyCount "102"]
[EventDate "2013.11.18"]
[EventType "team-tourn"]
[EventRounds "14"]
[EventCountry "ESP"]
[Source "lmi"]
[SourceDate "2013.11.18"]
[WhiteTeam "Vallecas CDV"]
[BlackTeam "La Casa del Ajedrez"]
[WhiteTeamCountry "ESP"]
[BlackTeamCountry "ESP"]

1. e4 e6 2. d4 d5 3. Nc3 Bb4 4. e5 b6 5. Qg4 Bf8 6. Nf3 Qd7 7. Bb5 Nc6 8. a3
Bb7 9. h4 h5 10. Qf4 O-O-O 11. Qe3 Nh6 12. Qd3 Ng4 13. Na2 Kb8 14. c3 f6 15.
Bf4 fxe5 16. Bxe5 Ncxe5 17. dxe5 c6 18. Ba6 Qc7 19. Bxb7 Nxe5 20. Nxe5 Qxe5+
21. Kf1 Kxb7 22. Nb4 Qc7 23. Qa6+ Ka8 24. Re1 e5 25. Qa4 Bxb4 26. axb4 Rhf8 27.
g3 e4 28. Kg2 Rf3 29. Re2 Rd6 30. b5 Rg6 31. Rh3 cxb5 32. Qxb5 Qc6 33. Qxc6+
Rxc6 34. Rh1 Rcf6 35. Rd1 R3f5 36. Rd4 Rc6 37. Red2 Rc5 38. Re2 Kb7 39. Re3 a5
40. f3 exf3+ 41. Rxf3 Rxf3 42. Kxf3 Kc6 43. g4 hxg4+ 44. Rxg4 Rc4 45. h5 Rxg4
46. Kxg4 Kd6 47. Kf5 Ke7 48. Ke5 Kf7 49. Kxd5 Kf6 50. Kc6 Kg5 51. Kxb6 Kxh5
1/2-1/2

[Event "Liga Madrileña - DH 2013-2014"]
[Site "Madrid ESP"]
[Date "2014.02.15"]
[Round "10.11"]
[White "Moreno Trujillo, Alejandro"]
[Black "Candela Perez, Jose"]
[Result "0-1"]
[WhiteElo "2541"]
[BlackElo "2447"]
[PlyCount "142"]
[EventDate "2013.11.18"]
[EventType "team-tourn"]
[EventRounds "14"]
[EventCountry "ESP"]
[Source "lmi"]
[SourceDate "2013.11.18"]
[WhiteTeam "64 Villalba"]
[BlackTeam "La Casa del Ajedrez"]
[WhiteTeamCountry "ESP"]
[BlackTeamCountry "ESP"]

1. d4 d5 2. c4 c6 3. Nf3 Nf6 4. Nc3 dxc4 5. a4 Bf5 6. Ne5 Nbd7 7. Nxc4 Qc7 8.
g3 e5 9. dxe5 Nxe5 10. Bf4 Nfd7 11. Bg2 g5 12. Bxe5 Nxe5 13. Qd4 f6 14. O-O-O
Be7 15. Ne3 Be6 16. Qe4 Bb3 17. Rd2 Nd7 18. Qg4 Nc5 19. Ne4 Be6 20. Nf5 Nb3+
21. Kc2 Bxf5 22. Qxf5 Nxd2 23. Nxf6+ Bxf6 24. Qxf6 Rf8 25. Qe6+ Qe7 26. Qxe7+
Kxe7 27. Kxd2 Kd6 28. h4 g4 29. f4 gxf3 30. Bxf3 Kc5 31. Kc3 a5 32. Rc1 Rad8
33. Kb3+ Kb6 34. Rc4 Rd7 35. Kc3 Rd1 36. Re4 Rfd8 37. g4 Rc1+ 38. Kb3 Rd2 39.
g5 Rcc2 40. Re7 Rxb2+ 41. Kc3 Rbc2+ 42. Kb3 Rc5 43. h5 Rxg5 44. Rxh7 Rc5 45.
Re7 Rd4 46. h6 Rb4+ 47. Ka3 Rc1 48. Ka2 Rc2+ 49. Ka3 Rcb2 50. Re3 Rb1 51. Ka2
Rd1 52. Be4 Rxa4+ 53. Kb3 Rb4+ 54. Kc2 Rd6 55. h7 Rh6 56. Bd3 Rbh4 57. Re7 c5
58. Kc3 Kc6 59. Bf5 b5 60. e4 R4h5 61. Rg7 a4 62. e5 Kd5 63. e6 b4+ 64. Kd2
Rh2+ 65. Ke3 Rxe6+ 66. Bxe6+ Kxe6 67. Kd3 Kd5 68. Rg5+ Kc6 69. Rg7 Rh3+ 70. Kc2
a3 71. Ra7 Kb6 0-1

[Event "Liga Madrileña - DH 2013-2014"]
[Site "Madrid ESP"]
[Date "2014.02.15"]
[Round "10.12"]
[White "Suarez Uriel, Adrian"]
[Black "Espinosa Aranda, Angel"]
[Result "1-0"]
[WhiteElo "2254"]
[BlackElo "2387"]
[PlyCount "69"]
[EventDate "2013.11.18"]
[EventType "team-tourn"]
[EventRounds "14"]
[EventCountry "ESP"]
[Source "lmi"]
[SourceDate "2013.11.18"]
[WhiteTeam "La Casa del Ajedrez"]
[BlackTeam "64 Villalba"]
[WhiteTeamCountry "ESP"]
[BlackTeamCountry "ESP"]

1. e4 c5 2. Ne2 Nc6 3. d4 cxd4 4. Nxd4 g6 5. Nc3 Bg7 6. Be3 Nf6 7. Bc4 Qa5 8.
O-O O-O 9. Bb3 d6 10. h3 Bd7 11. Re1 Rac8 12. Qd2 Rfe8 13. Rad1 Ne5 14. Qe2 b5
15. f4 Nc4 16. Bc1 e5 17. fxe5 dxe5 18. Nf3 Qb6+ 19. Kh2 a6 20. a4 Qb8 21. axb5
axb5 22. Qf2 Bc6 23. Qh4 h5 24. Rf1 Qb7 25. Ng5 Rf8 26. Rd3 Na5 27. Bxf7+ Rxf7
28. Nxf7 Qxf7 29. Rdf3 b4 30. Rxf6 Bxf6 31. Rxf6 Qg7 32. Qg5 Kh7 33. Re6 Re8
34. Rxe8 Bxe8 35. Nd5 1-0

[Event "Liga Madrileña - DH 2013-2014"]
[Site "Madrid ESP"]
[Date "2014.02.15"]
[Round "10.13"]
[White "Longa Yauca, Javier"]
[Black "Madina Yadarola, Martin"]
[Result "0-1"]
[WhiteElo "2326"]
[BlackElo "2276"]
[PlyCount "21"]
[EventDate "2013.11.18"]
[EventType "team-tourn"]
[EventRounds "14"]
[EventCountry "ESP"]
[Source "lmi"]
[SourceDate "2013.11.18"]
[WhiteTeam "64 Villalba"]
[BlackTeam "La Casa del Ajedrez"]
[WhiteTeamCountry "ESP"]
[BlackTeamCountry "ESP"]

1. d4 Nf6 2. Nf3 e6 3. e3 b6 4. Bd3 Bb7 5. O-O Be7 6. Qe2 d5 7. b3 O-O 8. Bb2
Nbd7 9. c4 Ne4 10. Rd1 f5 11. Ne1 0-1

[Event "Liga Madrileña - DH 2013-2014"]
[Site "Madrid ESP"]
[Date "2014.02.15"]
[Round "10.14"]
[White "Sanchez Rojo, Gustavo"]
[Black "Bermejo Martinez, Jorge"]
[Result "0-1"]
[WhiteElo "2172"]
[BlackElo "2309"]
[PlyCount "140"]
[EventDate "2013.11.18"]
[EventType "team-tourn"]
[EventRounds "14"]
[EventCountry "ESP"]
[Source "lmi"]
[SourceDate "2013.11.18"]
[WhiteTeam "La Casa del Ajedrez"]
[BlackTeam "64 Villalba"]
[WhiteTeamCountry "ESP"]
[BlackTeamCountry "ESP"]

1. e4 g6 2. d4 Bg7 3. Nc3 d6 4. Be3 Nd7 5. Bc4 a6 6. a4 b6 7. Nf3 e6 8. Qd2 Bb7
9. O-O Ne7 10. Rfe1 O-O 11. Bh6 d5 12. Bf1 dxe4 13. Nxe4 Nf5 14. Bxg7 Kxg7 15.
Rad1 Nf6 16. Nxf6 Bxf3 17. gxf3 Qxf6 18. Qf4 Nh4 19. Qxf6+ Kxf6 20. Bg2 Rad8
21. f4 Rd6 22. Rd3 Rfd8 23. Red1 a5 24. Be4 Nf5 25. c3 Ng7 26. Kg2 Nh5 27. Kf3
Ke7 28. Ke3 Nf6 29. Bf3 Nd5+ 30. Bxd5 Rxd5 31. f3 Rh5 32. R1d2 Rdd5 33. Rg2 Rh4
34. Rdd2 Rdh5 35. Rdf2 Kf6 36. Rc2 Kf5 37. b4 Kf6 38. Rb2 Rf5 39. Rg4 Rhh5 40.
Rgg2 h6 41. Rg4 Rd5 42. Rgg2 Rd8 43. b5 Rdd5 44. c4 Rdf5 45. Rbc2 Ke7 46. Ke4
Kd6 47. Rg4 Rf6 48. Rgg2 Rhf5 49. c5+ bxc5 50. dxc5+ Rxc5 51. Rxc5 Kxc5 52.
Rc2+ Kb6 53. Rc6+ Kb7 54. Ra6 g5 55. fxg5 hxg5 56. Rxa5 Rf4+ 57. Ke3 Rh4 58.
Ra6 Rxh2 59. Rc6 Ra2 60. Rc4 Ra3+ 61. Ke4 f5+ 62. Ke5 Rxf3 63. Kxe6 g4 64. a5
g3 65. a6+ Kb8 66. Rc1 g2 67. Rg1 Rf2 68. Ke5 f4 69. Ke4 f3 70. Rd1 Rf1 0-1

[Event "Liga Madrileña - DH 2013-2014"]
[Site "Madrid ESP"]
[Date "2014.02.15"]
[Round "10.15"]
[White "Lopez del Alamo, Antonio"]
[Black "Unciti Juan, Javier"]
[Result "1-0"]
[WhiteElo "2281"]
[BlackElo "2152"]
[PlyCount "77"]
[EventDate "2013.11.18"]
[EventType "team-tourn"]
[EventRounds "14"]
[EventCountry "ESP"]
[Source "lmi"]
[SourceDate "2013.11.18"]
[WhiteTeam "64 Villalba"]
[BlackTeam "La Casa del Ajedrez"]
[WhiteTeamCountry "ESP"]
[BlackTeamCountry "ESP"]

1. e4 e6 2. d3 d5 3. Qe2 Nf6 4. Nf3 Be7 5. g3 O-O 6. e5 Nfd7 7. Bg2 c5 8. O-O
b5 9. c4 bxc4 10. dxc4 Ba6 11. Na3 Nb6 12. b3 Nc6 13. Bb2 Rc8 14. Rfd1 d4 15.
Nc2 Qc7 16. Nce1 Rce8 17. Nd3 Nd7 18. Re1 f6 19. Nf4 Nd8 20. exf6 Bxf6 21. Nd2
Nb6 22. Ne4 Bb7 23. Nd3 Nd7 24. Ba3 Qa5 25. Nexc5 Bxg2 26. Nxd7 Qxa3 27. Kxg2
Rf7 28. Qh5 Qd6 29. N7e5 Rff8 30. Rad1 Nc6 31. f4 a5 32. Nxc6 Qxc6+ 33. Qf3 Qd7
34. Qe4 Qf7 35. Ne5 Bxe5 36. Qxe5 a4 37. Rd3 axb3 38. axb3 Qf6 39. Re4 1-0